Where Am I ? - Picture Quiz 2 - Statistics

General Stats
  • This quiz has been taken 26 times
  • The average score is 9 of 16
Answer Stats
Picture Answer % Correct
San Francisco
92%
Rio de Janeiro
88%
St. Louis
84%
Jerusalem
80%
Rome
76%
New Orleans
68%
Monte Carlo
60%
Brussels
56%
Pisa
56%
Agra
52%
Geneva
52%
Saint Petersburg
44%
Dublin
36%
Gibraltar
36%
Newcastle upon Tyne
24%
Pripyat
12%
No matching quizzes found
Score Distribution
Percent of People with Each Score
Percentile by Number Answered
Your Score History
You have not taken this quiz